Statistiques concernant Villes françaises commençant par C

Cliquez ici pour prendre le quiz!

Statistiques générales

  • Ce quiz a été pris 272 fois
  • Le résultat moyen est 7 sur 17

Statistiques - réponses

Réponse% Correct
Caen
82%
Cannes
72%
Calais
60%
Cherbourg
50%
Clermont-Ferrand
50%
Colmar
50%
Créteil
46%
Chambéry
41%
Cergy
34%
Clichy
34%
Cayenne
27%
Cholet
26%
Courbevoie
25%
Colombes
24%
Clamart
21%
Champigny-sur-Marne
14%
Chelles
13%

Distribution des résultats

Percentile par nombre de réponses

% des personnes avec chaque résultat

Votre développement - résultats

Vous n’avez pas pris ce quiz